[Event "Roncana op-C 10th"]
[Site "Santa Eulalia de Roncana"]
[Date "2016.10.22"]
[Round "5"]
[White "Ojeda Pacheco, Matias"]
[Black "Sanchez Navarro, Lorena"]
[Result "1-0"]
[WhiteElo "1598"]
[BlackElo "1344"]
[PlyCount "35"]
[EventDate "2016.09.24"]
[EventType "swiss"]
[EventRounds "8"]
[EventCountry "ESP"]
[SourceTitle "EXT 2022"]
[Source "ChessBase"]
[SourceDate "2021.10.06"]
[SourceVersion "1"]
[SourceVersionDate "2021.10.06"]
[SourceQuality "1"]

1. e4 e5 2. Nf3 Nc6 3. Bb5 a6 4. Bxc6 dxc6 5. Nxe5 Qh4 6. d3 g5 7. Nf3 Qg4 8. 0-0 Be6 9. Bxg5 Bf5 10. exf5 Bh6 11. Bxh6 Nxh6 12. Qe2+ Kd8 13. Re1 Qxf5 14. Qe7+ Kc8 15. Ng5 Rg8 16. Ne4 Qg4 17. Ng3 Rg6 18. Qe8# 1-0

[Event "Roncana op-C 10th"]
[Site "Santa Eulalia de Roncana"]
[Date "2016.10.01"]
[Round "2"]
[White "Silion, Alexandru"]
[Black "Sanchez Navarro, Lorena"]
[Result "1-0"]
[WhiteElo "1629"]
[BlackElo "1344"]
[PlyCount "65"]
[EventDate "2016.09.24"]
[EventType "swiss"]
[EventRounds "8"]
[EventCountry "ESP"]
[SourceTitle "EXT 2018"]
[Source "ChessBase"]
[SourceDate "2017.10.13"]
[SourceVersion "1"]
[SourceVersionDate "2017.10.13"]
[SourceQuality "1"]

1. d4 d5 2. Nc3 Nf6 3. Bg5 e6 4. e3 Ne4 5. Bxd8 Kxd8 6. Nxe4 dxe4 7. Bb5 c6 8. Bc4 Bb4+ 9. c3 Bd6 10. g3 f6 11. Qg4 f5 12. Qxg7 Rf8 13. Qxh7 Na6 14. f3 exf3 15. Nxf3 e5 16. Ng5 Re8 17. Nf7+ Kd7 18. Qg6 Re7 19. Nxd6 Kd8 20. Nxc8 Rxc8 21. Be6 Ra8 22. Qxf5 Kc7 23. Qxe5+ Kd8 24. Qh8+ Kc7 25. Qf6 Kd6 26. Bf5+ Re6 27. Qxe6+ Kc7 28. Bd3 Nb8 29. Rf1 Nd7 30. Rf7 Kb6 31. Rxd7 a6 32. Qb3+ Ka7 33. Qxb7# 1-0

[Event "Roncana op-C 10th"]
[Site "Santa Eulalia de Roncana"]
[Date "2016.09.24"]
[Round "1"]
[White "Sanchez Navarro, Lorena"]
[Black "Garcia Alcaide, Raul"]
[Result "0-1"]
[WhiteElo "1344"]
[BlackElo "1686"]
[PlyCount "44"]
[EventDate "2016.09.24"]
[EventType "swiss"]
[EventRounds "8"]
[EventCountry "ESP"]
[SourceTitle "EXT 2018"]
[Source "ChessBase"]
[SourceDate "2017.10.13"]
[SourceVersion "1"]
[SourceVersionDate "2017.10.13"]
[SourceQuality "1"]

1. e4 e5 2. g3 Nf6 3. f4 exf4 4. gxf4 Nxe4 5. d3 Nf6 6. d4 Nc6 7. Bd3 Nxd4 8. Qd2 b6 9. Qc3 Bc5 10. Bc4 0-0 11. Qe3 Nxc2+ 12. Kd1 Nxe3+ 13. Bxe3 Bxe3 14. Nh3 Bb7 15. Bd3 Bxh1 16. Ng5 Bxf4 17. Nxh7 Nxh7 18. Bxh7+ Kxh7 19. Nc3 Bf3+ 20. Ke1 Re8+ 21. Kf1 Qh4 22. Re1 Qxe1# 0-1